| 000 | 00754nam a2200205 i 4500 | ||
|---|---|---|---|
| 001 | 178990 | ||
| 003 | ES-MaACL | ||
| 005 | 20250701220546.0 | ||
| 008 | 110817s1911 fr |||| | fre d | ||
| 100 | 1 |
_aVandervelde, Émile. _9113067 |
|
| 245 | 1 | 0 |
_aLa Belgique et le Congo _b: le passé, le présent, l'avenir / _cpar Émile Vandervelde. |
| 260 |
_aParis : _bFélix Alcan, _c1911. |
||
| 300 |
_a272 p. ; _c22 cm. |
||
| 490 | 1 |
_aBibliothèque générale des sciences sociales ; _v37 |
|
| 651 | 4 |
_aBélgica- _xColonias- _zÁfrica. _9147628 |
|
| 651 | 4 |
_aCongo (República Democrática)- _xHistoria. _9166738 |
|
| 830 | 0 | 0 |
_aBibliothèque générale des sciences sociales _v37 _9187778 |
| 852 |
_aES-MaACL _jC-23117 |
||
| 999 |
_c178990 _d178990 |
||